000 00294nam a2200109Ia 4500
001 587481
005 20250717113817.0
008 250717s9999 xx 000 0 und d
245 0 _aX-8 KİM İSTER 16. YÜZYILDA HASTA OLMAYI
_cKATHRYN SENIOR
260 _bTÜBİTAK YAYINLARI
_c2020
300 _b20
999 _c587481
_d587481